Statistics for Highest Goalscorers in International Football(Soccer) -- Men

Click here to take the quiz!

General Stats

  • This quiz has been taken 424 times
    (82 since last reset)
  • The average score is 17 of 56

Answer Stats

#Number of GoalsCapsYearsAnswerCountry% Correct
11282052003-Cristiano RonaldoPortugal
100%
3462981994-2011RonaldoBrazil
100%
31061802005-Lionel MessiArgentina
97%
11791282010-NeymarBrazil
85%
9821462008-Robert LewandowskiPoland
79%
8831132010-Romelu LukakuBelgium
77%
1377921957-1971PeleBrazil
74%
684891945-1956Ferenc PuskasHungary/ Spain
68%
2468621966-1974Gerd MullerGermany
68%
26681382007-Luis SuárezUruguay
68%
3362892015-Harry KaneEngland
67%
20711372001-2014Miroslav KloseGermany
67%
35621222001-2022Zlatan IbrahimovicSweden
62%
29651052002-2014Didier DrogbaCote d'Ivoire
60%
41581362008-Edinson CavaniUruguay
60%
3959982005-2017David VillaSpain
59%
30651332007-Edin DžekoBosnia and Herzegovina
59%
49561292011-Olivier GiroudFrance
59%
48561181997-2014Samuel Eto'oCameroon
52%
27681461998-2016Robbie KeaneIreland
49%
46571572000-2014Landon DonovanUnited States of America
47%
44571412004-2017Clint DempseyUnited States of America
45%
5055701987-2005RomárioBrazil
34%
21081481993-2006Ali DaeiIran
33%
4756781991-2002Gabriel BatistutaArgentina
33%
5255911999-2009Jan KollerCzech Republic
21%
4931462005-Sunil ChhetriIndia
21%
1475681948-1956Sandor KocsisHungary
12%
41581361972-1986Cha Bum-KunSouth Korea
7%
5155891990-2000Kazuyoshi MiuraJapan
4%
7841132009-Ali MabkhoutUnited Arab Emirates
3%
28681761985-2006Hossam HassanEgypt
3%
1575761964-1977Kunishige KamamotoJapan
3%
23701161995-2011Stern JohnTrinidad & Tobago
3%
16751341996-2018Bashar AbdullahKuwait
1%
43571011993-2010Carlos PavónHonduras
1%
25681331998-2016Carlos RuizGuatemala
1%
10791111968-1980Godfrey ChitaluZambia
1%
12781371976-1990Hussein Saeed MohammedIraq
1%
55551021969-1984Joachim StreichEast Germany
1%
17721171978-1994Majed AbdullahSaudi Arabia
1%
5891421972-1985Mokhtar DahariMalaysia
1%
45571482002-2016Younis MahmoudIraq
1%
3761711956-1966Abdul Ghani MinhatMalaya/Malaysia
0%
22701011967-1979Abdul KadirIndonesia
0%
36621211982-1997Ahmed RadhiIraq
0%
4058982003-2019Ali AshfaqMaldives
0%
56551962003-Bader Al-MutawaKuwait
0%
54551011979-1997Fandi AhmadSingapore
0%
3859681906-1927Imre SchlosseHungary
0%
5355971968-1980Iswadi IdrisIndonesia
0%
3263741992-2002Jassem Al-HouwaidiKuwait
0%
19711341993-2007Kiatisuk SenamuangThailand
0%
18711171973-1981Kinnah PhiriMalawi
0%
21701001981-1997Piyapong Pue-onThailand
0%
31641272007-Teerasil DangdaThailand
0%

Score Distribution

Percentile by Number Answered

Percent of People with Each Score

Your Score History

You have not taken this quiz since the last reset